Normal view MARC view
  • Environmental geology (3rd Ed)

Entry Topical Term

Number of records used in: 2

001 - CONTROL NUMBER

  • control field: 89401

003 - CONTROL NUMBER IDENTIFIER

  • control field: NUST

005 - DATE AND TIME OF LATEST TRANSACTION

  • control field: 20220223111303.0

008 - FIXED-LENGTH DATA ELEMENTS

  • fixed length control field: 220223|| aca||aabn | a|a d

040 ## - CATALOGING SOURCE

  • Original cataloging agency: NUST
  • Transcribing agency: NUST

150 ## - HEADING--TOPICAL TERM

  • Topical term or geographic name entry element: Environmental geology (3rd Ed)

670 ## - SOURCE DATA FOUND

  • Source citation: Work cat.: (NUST): James S. Reichard 2018 89400, Environmental geology / 3rd Edition, 2018.
© 2023 Central Library, National University of Sciences and Technology. All Rights Reserved.